00655 2200241 4500001002100000005001700021008004100038020001900079035002400098082000800122090001500130100002600145245010300171250001000274260002700284300002100311650002100332850000900353985000600362999001500368999001500383999001500398YOGYA-0209000007262020090227093634.0 ind  a979-763--717-4 0010-020900000072620 a248 a248bEle B aELEEAS, Indrawan, Pdt aBukan kristen rutinitasbmerenungkan kembali makna sejati ibadah Do'a & puasacPdt.Indrawan Eleeas aCet.1 aYogyakartabAndic2007 avii,240hlmc19cm aIbadah (Kristen) aBPAD a3 a08P0000568 a08P0000569 a08P0000570